| 000 | 00746nam a2200205 a 4500 | ||
|---|---|---|---|
| 005 | 20240924064138.0 | ||
| 008 | 991125s1964 mx 000 0 spa u | ||
| 035 | _aUPN01000014883 | ||
| 049 | _aCG | ||
| 050 | 4 |
_aLA427.5 _bM8.3 |
|
| 100 | 1 | _aMuñoz, Carlos | |
| 245 | 1 | 0 |
_aDiagnóstico educativo nacional : _bbalance del progreso escolar de México durante los últimos seis años / _crealizada por Carlos Muñoz y Manuel I. Ulloa ; colab. de Salvador Cataño ... [et al.] ; dirigida por Pablo Latapí. |
| 260 |
_aMéxico : _bCEE, _c1964. |
||
| 300 | _ax, 149 p. | ||
| 500 | _a"Textos universitarios" | ||
| 650 | 4 |
_aEducación _zMéxico _95405 |
|
| 700 | 1 |
_aUlloa, Manuel I., _ecoaut. |
|
| 700 | 1 |
_aCataño, Salvador, _ecolab. |
|
| 905 | _aLibro | ||
| 999 |
_c14883 _d14883 |
||